| 000 | 00798nam a22002417a 4500 | ||
|---|---|---|---|
| 005 | 20170124110044.0 | ||
| 010 | _aB-687941 | ||
| 020 | _c70.00 | ||
| 035 | _aB-687941 | ||
| 037 | _bCen Lib/Ret | ||
| 040 |
_aDPL _bEN |
||
| 082 |
_a796.353092 _bHOL |
||
| 100 |
_aHolding, Michael _924213 |
||
| 245 |
_aWhispering death : _cby Michael Holding [and] Tony Cozier _bthe life and times of Michael Holding / |
||
| 260 |
_aNew Delhi _bRupa & Co. _c1993 |
||
| 270 |
_a7/16 Ansari Road _bNew Delhi _e110002 |
||
| 300 |
_a222p. : _c21cm(Hb) _bill. |
||
| 500 | _aIncludes index. | ||
| 650 |
_aWest Indies _924214 |
||
| 650 |
_aCricket players _974278 |
||
| 700 |
_aCozier, Tony _924216 |
||
| 942 |
_2ddc _cEN _h796.353092 _mHOL |
||
| 999 |
_c128719 _d128719 |
||